000
00340nam a22001457a 4500
020
_a
132-978-0-471-69867-8
041
_a
ENG
100
_a
Duffie .J.A
245
_a
Solar Engineering of Thermal Processes
260
_a
America
_b
John Wiley & Sons
_c
2006
300
_a
908
650
_a
EOES
700
_a
Beckman.W.A
856
_u
EOES ( 11 )
999
_c
1189
_d
1189